<?xml version="1.0" encoding="UTF-8"?>
<record
    xmlns:xsi="http://www.w3.org/2001/XMLSchema-instance"
    xsi:schemaLocation="http://www.loc.gov/MARC21/slim http://www.loc.gov/standards/marcxml/schema/MARC21slim.xsd"
    xmlns="http://www.loc.gov/MARC21/slim">

  <leader>00553nam a22002177a 4500</leader>
  <controlfield tag="003">OSt</controlfield>
  <controlfield tag="005">20140310181708.0</controlfield>
  <controlfield tag="008">121205t        xxu||||| |||| 00| 0 eng d</controlfield>
  <datafield tag="020" ind1=" " ind2=" ">
    <subfield code="a">9711901307</subfield>
  </datafield>
  <datafield tag="050" ind1=" " ind2=" ">
    <subfield code="a">PL 1615</subfield>
    <subfield code="b">.B352 2005</subfield>
  </datafield>
  <datafield tag="082" ind1=" " ind2=" ">
    <subfield code="a">FIL 899.2113</subfield>
    <subfield code="b"> B32 1991</subfield>
  </datafield>
  <datafield tag="100" ind1=" " ind2=" ">
    <subfield code="a">Bautista, Lualhati </subfield>
  </datafield>
  <datafield tag="245" ind1=" " ind2=" ">
    <subfield code="a">Dekada '70 /</subfield>
    <subfield code="c">Lualhati Bautista.</subfield>
  </datafield>
  <datafield tag="260" ind1=" " ind2=" ">
    <subfield code="a">Mandaluyong, Philippines:</subfield>
    <subfield code="b">Carmelo and Bauermann,</subfield>
    <subfield code="c">2005.</subfield>
  </datafield>
  <datafield tag="300" ind1="0" ind2=" ">
    <subfield code="a">228 p. :</subfield>
    <subfield code="c">17 cm.</subfield>
  </datafield>
  <datafield tag="562" ind1=" " ind2=" ">
    <subfield code="e">3</subfield>
  </datafield>
  <datafield tag="942" ind1=" " ind2=" ">
    <subfield code="2">lcc</subfield>
    <subfield code="c">BK</subfield>
  </datafield>
  <datafield tag="999" ind1=" " ind2=" ">
    <subfield code="c">1451</subfield>
    <subfield code="d">1451</subfield>
  </datafield>
  <datafield tag="952" ind1=" " ind2=" ">
    <subfield code="0">0</subfield>
    <subfield code="1">0</subfield>
    <subfield code="2">lcc</subfield>
    <subfield code="4">0</subfield>
    <subfield code="a">LUX</subfield>
    <subfield code="b">LUX</subfield>
    <subfield code="c">FIL</subfield>
    <subfield code="d">2012-12-05</subfield>
    <subfield code="l">0</subfield>
    <subfield code="o">PL 1615 .B352 2005</subfield>
    <subfield code="p">13401</subfield>
    <subfield code="r">2015-05-25 00:00:00</subfield>
    <subfield code="t">1</subfield>
    <subfield code="w">2012-12-05</subfield>
    <subfield code="y">BK</subfield>
  </datafield>
  <datafield tag="952" ind1=" " ind2=" ">
    <subfield code="0">0</subfield>
    <subfield code="1">0</subfield>
    <subfield code="2">lcc</subfield>
    <subfield code="4">0</subfield>
    <subfield code="a">LUX</subfield>
    <subfield code="b">LUX</subfield>
    <subfield code="c">FIL</subfield>
    <subfield code="d">2013-06-28</subfield>
    <subfield code="l">0</subfield>
    <subfield code="o">PL 1615 .B352 2005</subfield>
    <subfield code="p">13402</subfield>
    <subfield code="r">2015-05-25 00:00:00</subfield>
    <subfield code="t">2</subfield>
    <subfield code="w">2013-06-28</subfield>
    <subfield code="y">BK</subfield>
  </datafield>
  <datafield tag="952" ind1=" " ind2=" ">
    <subfield code="0">0</subfield>
    <subfield code="1">0</subfield>
    <subfield code="2">lcc</subfield>
    <subfield code="4">0</subfield>
    <subfield code="a">LUX</subfield>
    <subfield code="b">LUX</subfield>
    <subfield code="c">FIL</subfield>
    <subfield code="d">2013-06-28</subfield>
    <subfield code="l">2</subfield>
    <subfield code="m">2</subfield>
    <subfield code="o">PL 1615 .B352 2005</subfield>
    <subfield code="p">13403</subfield>
    <subfield code="r">2023-10-11 00:00:00</subfield>
    <subfield code="s">2023-10-02</subfield>
    <subfield code="t">3</subfield>
    <subfield code="w">2013-06-28</subfield>
    <subfield code="y">BK</subfield>
  </datafield>
</record>
